Statistics for Lyrics from The Lion King song I Just Can't Wait to be King

Click here to take the quiz!

General Stats

  • This quiz has been taken 88 times
    (76 since last reset)
  • The average score is 162 of 241

Answer Stats

Answer% Correct
be
100%
i
100%
I
100%
I...
100%
king
100%
King
100%
king!
100%
king,
100%
a
97%
just
97%
can't
94%
to
94%
go
91%
wait
91%
gonna
88%
I'm
88%
so
88%
the
88%
with
88%
mighty
85%
no
85%
beware!
82%
enemies
82%
hair.
82%
little
82%
look
82%
Look
82%
Oh
82%
Oh,
82%
quite
82%
do
79%
my
79%
never
79%
of
79%
see
79%
I've
76%
main
76%
on
76%
seen
76%
in
74%
this.
74%
this
74%
This
74%
event,
71%
hear
71%
that
71%
that.
71%
before.
68%
it
68%
like
68%
roar!
68%
was...
68%
was
68%
down,
65%
Well,
65%
working
65%
and
62%
every
62%
here!
62%
here.
62%
looking
62%
me
62%
No-one
62%
stop
62%
up
62%
you
62%
beasts
59%
saying
59%
there.
59%
way!
59%
way
59%
when
59%
all
56%
Free
56%
brushing
53%
day.
53%
left.
53%
thing.
53%
If
50%
if
50%
It's
50%
it's
50%
right.
50%
think...
47%
think
47%
time
47%
far
44%
for
44%
Now
44%
out
44%
Out
44%
out!
44%
rather
44%
run
44%
uninspiring
44%
What
44%
what
44%
Africa,
41%
around
41%
don't
41%
Everybody
41%
is
41%
Thus
41%
heart.
38%
heart
38%
spotlight!
38%
standing
38%
where
38%
from
35%
Kings
35%
need
35%
said
35%
wouldn't
35%
count
32%
monarchy
32%
service,
32%
Simba's
32%
about.
29%
advice
29%
arranged
29%
broke
29%
Everywhere
29%
finest
29%
fling.
29%
hang
29%
long
29%
master
29%
meant
29%
Not
29%
sing.
29%
start.
29%
young
29%
You've
29%
getting
26%
headed,
26%
hornbills
26%
Let
26%
wing.
26%
yet!
26%
child
24%
creature
24%
herd
24%
Let's
24%
wildly
24%
realise...
15%

Score Distribution

Percentile by Number Answered

Percent of People with Each Score

Your Score History

You have not taken this quiz since the last reset